Membentuk akhlak & jiwa remaja

Bibliographic Details
Main Author: Syeikh Muhd.Syakir
Format: Book
Published: Kuala Lumpur : Darul Nu'man , 1994
Subjects:

MARC

LEADER 00000cam a2200000 7i4500
001 0000008869
002 000009668
005 .0
020 |a 9839017861 
090 0 0 |a 297.77   |b SYE 
100 0 |a Syeikh Muhd.Syakir 
245 1 0 |a Membentuk akhlak & jiwa remaja   |c Syeikh Muhd.Syakir 
260 |a Kuala Lumpur :   |b Darul Nu'man ,   |c 1994 
300 |a 145 p. ;   |c 19 cm. 
650 0 0 |a Islamic etiquette 
999 |a 044063   |b BUKU   |c PINJAMAN   |e PERPUSTAKAAN KOMUNITI PETALING JAYA